000 00772nam a2200229 b 4500
001 00000000026264
003 OSt
005 20140619213002.0
008 020226s1964 esp 000 0 spa d
040 _aCO-BP
_cBMC
082 _a920 Pío XII, Papa
100 1 _aHatch, Alden,
_9905
_d1898-1975
245 1 0 _aCorona de gloria
_b: vida del Papa Pío XII
_cAlden Hatch y Seamus Walshe ; edición revisada y ampliada ; [traducción del inglés por Felipe Ximénez de Sandoval]
250 _aEd. rev. y amp.
260 _aMadrid
_bEspasa-Calpe
_c1964
300 _a222 p.
_c18 cm
490 _aAustral
_v1335
600 _91206
_aPío
_bXII
_cPapa
_xBiografías
700 1 _aWalshe, Seamus
_9906
700 1 _aXiménez de Sandoval, Felipe
_9627
_d1903-1978
942 _2ddc
_cBK
999 _c822
_d822